[Event "AUTO-MASTER-1634"]
[Site "http://www.queenalice.com/game.php?id=1098959"]
[Date "2012.9.2"]
[Round "2"]
[White "yoda77"]
[Black "thedocwat"]
[Result "1-0"]
[WhiteElo "2348"]
[BlackElo "2266"]

1. e4 c5 2. c3 Nf6 3. e5 Nd5 4. d4 e6 5. c4 Nb6 6. dxc5 Bxc5 7. Nc3 O-O 8. Nf3
Na6 9. Bg5 Qc7 10. a3 h6 11. Bh4 g5 12. Bg3 Be7 13. Nd2 Re8 14. h4 gxh4 15. Nb5
Qb8 16. Ne4 hxg3 17. Nbd6 gxf2+ 18. Kxf2 Bxd6 19. Nf6+ Kf8 20. exd6 Nc5 21. Nh7+
Kg7 22. Qg4+ 1-0

[Event "AUTO-MASTER-1634"]
[Site "http://www.queenalice.com/game.php?id=1098960"]
[Date "2012.9.2"]
[Round "2"]
[White "thedocwat"]
[Black "yoda77"]
[Result "0-1"]
[WhiteElo "2256"]
[BlackElo "2358"]

1. e4 e5 2. Nf3 Nc6 3. Bb5 a6 4. Ba4 Nf6 5. O-O b5 6. Bb3 Be7 7. d4 d6 8. c3 O-O
9. h3 Bb7 10. Re1 Re8 11. Nbd2 Bf8 12. d5 Nb8 13. Nf1 Nbd7 14. Ng3 Qc8 15. a4 h6
16. axb5 axb5 17. Rxa8 Qxa8 18. Qe2 c6 19. dxc6 Bxc6 20. Bc2 Qb7 21. Be3 b4 22.
Bd2 b3 0-1

[Event "AUTO-MASTER-1634"]
[Site "http://www.queenalice.com/game.php?id=1098961"]
[Date "2012.9.2"]
[Round "2"]
[White "kraler"]
[Black "thedocwat"]
[Result "1-0"]
[WhiteElo "2186"]
[BlackElo "2114"]

1. e4 c5 2. Nf3 a6 3. d4 cxd4 4. c3 dxc3 5. Nxc3 e6 6. Bf4 Nc6 7. Bc4 Nge7 8.
O-O Ng6 9. Bg3 Be7 10. Qe2 O-O 11. Rfd1 b5 12. Bb3 Bb7 13. Rd2 Na5 14. Rad1 Bc8
15. Ne5 Nxe5 16. Bxe5 Nxb3 17. axb3 f5 18. exf5 Rxf5 19. Bd6 Bxd6 20. Rxd6 Qh4
21. Ne4 Rh5 22. h3 Re5 23. R1d4 Bb7 24. f3 Bc6 25. Qd2 Rf8 26. Nf2 Qh5 27. Nd3
1-0

[Event "AUTO-MASTER-1634"]
[Site "http://www.queenalice.com/game.php?id=1098962"]
[Date "2012.9.2"]
[Round "2"]
[White "thedocwat"]
[Black "kraler"]
[Result "1-0"]
[WhiteElo "2153"]
[BlackElo "2194"]

1. e4 e5 2. Nf3 Nf6 3. Nxe5 d6 4. Nf3 Nxe4 5. d4 d5 6. Bd3 Bd6 7. O-O O-O 8. c4
c6 9. cxd5 cxd5 10. Nc3 Nxc3 11. bxc3 Bg4 12. h3 Bh5 13. Rb1 b6 14. Re1 Nd7 15.
Bd2 h6 16. a4 Nf6 17. g4 Bg6 18. Bxg6 fxg6 19. Qb3 Kh7 20. Kg2 Qd7 21. Ne5 Bxe5
22. dxe5 Nxg4 23. f4 h5 24. e6 Qe7 25. hxg4 Qh4 26. Qd1 Kg8 27. gxh5 Rf6 28. Rh1
1-0

[Event "AUTO-MASTER-1649"]
[Site "http://www.queenalice.com/game.php?id=1100168"]
[Date "2012.9.6"]
[Round "2"]
[White "thedocwat"]
[Black "strutz"]
[Result "0-1"]
[WhiteElo "2278"]
[BlackElo "2276"]

1. e4 Nf6 2. e5 Nd5 3. d4 d6 4. Nf3 g6 5. Bc4 Nb6 6. Bb3 Bg7 7. Ng5 d5 8. f4 h6
9. Nf3 O-O 10. O-O Bf5 11. Nh4 Bd7 12. f5 g5 13. Nf3 Bxf5 14. Nxg5 Qc8 15. Nf3
c5 16. dxc5 Qxc5+ 17. Qd4 Qxd4+ 18. Nxd4 Bg6 19. Nf5 Bxf5 20. Rxf5 N8d7 21. Nc3
Rfc8 22. Bf4 e6 23. Rh5 Nc4 24. Re1 Nxb2 25. Nb5 a5 26. Nd6 a4 27. Nxc8 Rxc8 28.
Bxd5 exd5 29. e6 fxe6 0-1

[Event "AUTO-MASTER-1649"]
[Site "http://www.queenalice.com/game.php?id=1100169"]
[Date "2012.9.6"]
[Round "2"]
[White "strutz"]
[Black "thedocwat"]
[Result "1-0"]
[WhiteElo "2357"]
[BlackElo "2104"]

1. e4 c5 2. c3 d5 3. exd5 Nf6 4. d4 cxd4 5. Qxd4 Qxd5 6. Qxd5 Nxd5 7. Bc4 Nb6 8.
Bb3 e6 9. Be3 Nd5 10. Bxd5 exd5 11. Nf3 Be7 12. O-O O-O 13. Re1 Nc6 14. Nbd2 Bg4
15. Nd4 Nxd4 16. Bxd4 Rfe8 17. h3 Be6 18. Nf3 a5 19. a4 Bf5 20. Re5 Be4 21. Re1
f6 22. Re6 Bf8 23. Rb6 Re7 24. Nd2 Kf7 25. Nxe4 dxe4 26. g4 h5 27. gxh5 Kg8 28.
Bc5 Rc7 29. Bxf8 Rxf8 30. Rxe4 Kf7 31. Rd4 Re7 32. Rd5 Ra8 33. Kg2 Rc7 34. Kg3
Re7 35. Rbb5 Ke6 36. c4 Rc7 37. b3 Ra6 38. Rxa5 Rxa5 39. Rxa5 Rd7 40. Rb5 Re7
41. a5 Kd6 42. b4 Kc7 43. Rc5+ 1-0

[Event "AUTO-ADV-2426"]
[Site "http://www.queenalice.com/game.php?id=1112291"]
[Date "2012.10.13"]
[Round "2"]
[White "matamuff"]
[Black "thedocwat"]
[Result "1-0"]
[WhiteElo "1869"]
[BlackElo "2177"]

1. Nf3 c5 2. b3 d6 3. Bb2 e5 4. d3 Nc6 5. e4 g6 6. g3 Bg7 7. Bg2 Nge7 8. Nc3 O-O
9. O-O h6 10. Ne2 d5 11. c4 dxe4 12. dxe4 Qxd1 13. Rfxd1 Nd4 14. Nexd4 cxd4 15.
Rd3 1-0

[Event "AUTO-ADV-2426"]
[Site "http://www.queenalice.com/game.php?id=1112292"]
[Date "2012.10.13"]
[Round "2"]
[White "thedocwat"]
[Black "matamuff"]
[Result "0-1"]
[WhiteElo "2200"]
[BlackElo "1839"]

1. e4 Nc6 2. Nf3 Nf6 3. e5 Nd5 4. c4 Nb6 5. d4 d6 6. exd6 exd6 7. Be2 Be7 8. O-O
Bf5 9. d5 Nb4 10. Nd4 Bg6 11. a3 Na6 12. f4 h6 13. f5 Bh7 14. a4 Nd7 0-1

[Event "Challenge"]
[Site "http://www.queenalice.com/game.php?id=1114357"]
[Date "2012.10.20"]
[Round "-"]
[White "thedocwat"]
[Black "APSHOOTER"]
[Result "1-0"]
[WhiteElo "2263"]
[BlackElo "1599"]

1. e4 d5 2. Nc3 d4 3. Nce2 Bg4 4. h3 Bxe2 5. Nxe2 d3 6. Nf4 dxc2 7. Qxc2 Nf6 8.
Bc4 e5 9. Qb3 Qd7 10. Qxb7 Qc6 11. Bb5 1-0